000
00335 a2200157 4500
001
56677
020
_a
8508075553
040
_c
Anchieta - Pituba
100
_a
Dokey, Cameron
240
1
0
_a
Juntos para sempre
_l
por
245
1
0
_a
Juntos para sempre
300
_a
166
362
0
_a
2000
650
4
_a
Literatura juvenil
942
_c
BK
999
_c
56677
_d
56677